| 000 | 00485nam a22001937a 4500 | ||
|---|---|---|---|
| 003 | OSt | ||
| 005 | 20180116183013.0 | ||
| 008 | 150915b xxu||||| |||| 00| 0 eng d | ||
| 020 | _a0 | ||
| 040 | _c0 | ||
| 082 | _a301 CAP 2007 | ||
| 100 | _aTheodore Caplow | ||
| 245 |
_aElementary Sociology _cTheodore Caplow |
||
| 260 |
_aPakistan _bNational Book Foundation _c2007 |
||
| 300 |
_a680 P. _bHB |
||
| 440 | _aElementary Sociology | ||
| 600 | _aTheodore Caplow | ||
| 942 |
_2ddc _cBK |
||
| 999 |
_c350351 _d350351 |
||